000 00534cam a22001337a 4500
008 180718b1962 xxu||||| |||| 00| 0 eng d
082 _aI54 In8
245 _aThe public relations of local governments
_cby International Union of Local Authorities
260 _aThe Hague
_bInternational Union of Local Authorities
_c1962
300 _a75p.
500 _aPapers presented at the World conference of local governments, Washington, D.C. June 15-20, 1961
650 _aPublic Relations
700 _aInternational Union of Local Authorities
999 _c480150
_d480150